Statistics for Ouran High School Host Club Characters

Click here to take the quiz!

General Stats

  • This quiz has been taken 277 times
  • The average score is 9 of 15

Answer Stats

HintAnswer% Correct
King of the club.Tamaki Suoh
97%
Main character.Haruhi Fujioka
96%
Boy lolita type.Mitsukuni "Honey" Haninozuka
95%
Host club vice-president.Kyoya Ootori
93%
Older, impulsive twin.Hikaru Hitachiin
92%
Strong and silent type.Takashi "Mori" Morinozuka
90%
Younger, mature twin.Kaoru Hitachiin
86%
Manager of the host club.Renge Houshakuji
60%
Creepy president of the black magic club.Umehito Nekozawa
51%
Main character's father.Ryōji "Ranka" Fujioka
45%
President of the zuka club.Benio Amakusa
21%
Thinks his older brother is an alien.Yasuchika Haninozuka
21%
Runs a pension in Karuizawa, Nagano.Misuzu Sonoda
11%
King's father.Yuzuru Suoh
10%
Little brother of the oldest host club member.Satoshi Morinozuka
6%

Score Distribution

Percentile by Number Answered

Percent of People with Each Score

Your Score History

You have not taken this quiz